000 00890cam a2200289 a 4500
001 552188
003 NUST - PNEC
005 20170116181142.0
008 880301s1987 enk 001 0deng d
010 _a 88116398
015 _aGB87-37195
020 _a000217779X
035 _a(OCoLC)16681640
040 _aUk
_cLIBRARY
_dDLC
042 _alccopycat
050 0 4 _aD840
_b.A45 1987
082 0 4 _a909.8260924 TAR
100 1 _aTariq Ali
_914757
245 1 0 _aStreet fighting years : an autobiography of the sixties /
_cTariq Ali.
260 _aLondon :
_bCollins,
_c1987.
300 _aviii, 280 p. ;
_c22 cm.
500 _aIncludes index.
650 0 _aHistory, Modern
_y1945-1989.
_xGeneral
906 _a7
_bcbc
_ccopycat
_d3
_encip
_f19
_gy-gencatlg
942 _2ddc
_cBK
999 _c70541
_d70541